Statistics for ALW's Phantom of the Opera - The Mirror - Missing Lyrics

Click here to take the quiz!

General Stats

  • This quiz has been taken 42 times
  • The average score is 18 of 20

Answer Stats

Character Line Missing Lyric % Correct
Angel, my soul was ____, forgive meWeak
100%
Look at your face in the ______Mirror
100%
Basking in your _____!Glory
97%
PhantomI am your Angel of _____Music
94%
See why in ______ I hideShadow
94%
Sharing in my ________!Triumph
94%
Stay by my side, _____ meGuide
94%
I am there ______Inside
91%
ChristineAngel I hear you, _____ I listenSpeak
91%
PhantomInsolent boy this _____ of fashionSlave
89%
Ignorant fool this brave young ______Suitor
89%
Angel of music, ____ no longerHide
86%
Enter at last, ______Master
80%
ChristineAngel of music, guide and ________Guardian
80%
Phantom________ child you shall know meFlattering
80%
Come to me ______ AngelStrange
74%
_____ to me your gloryGrant
51%

Score Distribution

Percentile by Number Answered

Percent of People with Each Score

Your Score History

You have not taken this quiz